000 00699nam a22002297a 4500
003 UA-OsUOA
001 67839
007 ta
008 20100316b un ||||| |||| 00| 0 ukr d
100 _aСтешиц В.
090 _a343.148
_bС79
942 _cBK
040 _aUA-OsUOA
_brus
_cUA-OsUOA
_dUA-OsUOA
245 _aСудебно-медицинская экспертиза при дорожно-транспортных происшествиях
_bмонографія
300 _a189 с.
955 _a2
041 _arus
080 _a343.148
260 _aМинск
_c1976
650 7 _a343 Кримінальне право. Карні порушення
_2UDC
999 _c353962
_d353962